000 01280nam a2200409 c 4500
001 6884
003 ES-MaCES
005 20141221121851.0
008 980423s1997 sp ||| | spa d
017 _aM. 27.756-1997
_bDL
020 _a8448111249
035 _aCES19980069500m
040 _aES-MaCES
_bspa
_cES-MaCES
100 1 _aBadenes Casinos, Margarita
_96860
245 1 3 _aLa crisis de la libertad de pesca en alta mar
_cMargarita Badenes Casinos
260 _aMadrid [etc.]
_bMcGraw-Hill
_c1997
300 _aXXII, 307 p.
_c22 cm
490 1 _aMonografía
500 _aÍndices
504 _aBibliogr.: p. 291-301
541 _cCompra
650 4 _apesca
_927611
650 4 _arecursos marinos
_928716
650 4 _aconservación de los recursos
_928755
650 4 _azona económica exclusiva
_929732
650 4 _aplataforma continental
_929727
650 4 _aaguas jurisdiccionales
_929428
650 4 _aderecho del mar
_929746
650 4 _aderecho internacional
_926684
650 4 _aderecho público
_927169
650 4 _arégimen jurídico
_929894
653 1 0 _aPesca
830 0 _aMonografía (McGraw-Hill Interamericana de España)
_933013
902 _aLIB Libro
942 _2CES
_cBK
_h5.1.
999 _c6884
_d6884